Statistics for Top 100 Players In 2K23 (CURRENT)

Click here to take the quiz!

General Stats

  • This quiz has been taken 46 times
  • The average score is 74 of 100

Answer Stats

HintTAnswer% Correct
94LALAnthony Davis
100%
93PORDamian Lillard
100%
91PHXDevin Booker
100%
90CLEDonovan Mitchell
100%
97MILGiannis Antetokounmpo
100%
90PHIJames Harden
100%
94MEMJa Morant
100%
89BOSJaylen Brown
100%
95BOSJayson Tatum
100%
91MIAJimmy Butler
100%
97PHIJoel Embiid
100%
96PHXKevin Durant
100%
98LALLeBron James
100%
97DALLuka Doncic
100%
97DENNikola Jokic
100%
89LACPaul George
100%
93OKCShai Gilgeous-Alexander
100%
96GSWStephen Curry
100%
89ATLTrae Young
100%
92NOPZion Williamson
100%
92LACKawhi Leonard
97%
90DALKyrie Irving
97%
88MIABam Adebayo
95%
88SACDe’Aaron Fox
95%
85ATLDejounte Murray
95%
87CHIDeMar DeRozan
95%
88SACDomantas Sabonis
95%
85DENJamal Murray
95%
86GSWKlay Thompson
95%
88TORPascal Siakam
95%
86CHIZach LaVine
95%
87MINAnthony Edwards
92%
87WASBradley Beal
92%
86PHXChris Paul
92%
87CLEDarius Garland
92%
87NYKJulius Randle
92%
86MINKarl-Anthony Towns
92%
86MILKhris Middleton
92%
83GSWDraymond Green
89%
84HOUJalen Green
89%
87MILJrue Holiday
89%
86CHALaMelo Ball
89%
82CHILonzo Ball
89%
86NOPBrandon Ingram
87%
87INDTyrese Haliburton
87%
87WASKristaps Porzingis
84%
85NOPC.J. McCollum
82%
85MEMDesmond Bane
82%
87MEMJaren Jackson Jr.
82%
87NYKJalen Brunson
79%
84MINRudy Gobert
79%
83PORAnfernee Simons
76%
85CLEJarrett Allen
76%
86UTALauri Markkanen
76%
84TORFred VanVleet
74%
84GSWJordan Poole
74%
85BOSRobert Williams III
74%
84PHITyrese Maxey
74%
84DETCade Cunningham
71%
86CLEEvan Mobley
71%
83WASKyle Kuzma
71%
85BKNMikal Bridges
71%
83FAMiles Bridges
71%
84MIATyler Herro
71%
83MILBrook Lopez
68%
84PHXDeandre Ayton
68%
84ORLPaolo Banchero
68%
83ATLClint Capela
63%
84OKCJosh Giddey
63%
82BOSMarcus Smart
63%
83DENAaron Gordon
61%
85CHINikola Vucevic
61%
83LALD’Angelo Russell
58%
82DENMichael Porter Jr.
58%
84TORScottie Barnes
58%
82MEMSteven Adams
58%
82GSWAndrew Wiggins
55%
81LACRussell Westbrook
55%
81UTACollin Sexton
50%
84ORLFranz Wagner
50%
82ATLJohn Collins
50%
83SASKeldon Johnson
50%
84INDMyles Turner
50%
82PHITobias Harris
50%
84DALChristian Wood
47%
82UTAJordan Clarkson
45%
82PORJusuf Nurkic
45%
82NYKR.J. Barrett
45%
83NOPJonas Valanciunas
42%
82TOROG Anunoby
42%
82BKNSpencer Dinwiddie
42%
83DETBojan Bogdanovic
39%
82PORJerami Grant
37%
83BOSMalcolm Brogdon
37%
82NYKMitchell Robinson
37%
83MILBobby Portis
29%
83SASDevin Vassell
18%
85HOUAlperen Sengun
5%
85BKNNicolas Claxton
3%
83CHATerry Rozier III
3%

Score Distribution

Percentile by Number Answered

Percent of People with Each Score

Your Score History

You have not taken this quiz